000 00809cam a2200289Ka 4500
001 77194
005 20230410103806.0
008 090225s1974 ag 000 0 spa d
020 _a9789872087531
043 _ae-ru---
050 1 4 _a338 DK 265.8
_bA963k 1974
082 0 0 _a947/.45/0841
049 _aGRAL
100 1 _aAvrich, Paul Henry,
_d1931-
245 1 0 _aKronstadt, 1921 /
_cPaul Avrich.
260 _aBuenos Aires :
_bAnarres,
_c[1974]
300 _a252 p. :
_bill. ;
_c20 cm.
440 0 _aColección Utopía libertaria
651 0 _aKronshtadt (Russia)
_xHistory
_y1917-1921.
651 4 _aRusia
_xHistoria
_y1921
651 4 _aRusia
_xHistoria
_yRevolución, 1917-1921.
650 4 _aComunismo
_zRusia.
942 _2lcc
_cbk
994 _aC0
_bDRFGD
946 _aRCH
994 _aC0
_bDRFGD
999 _c25894
_d25894